000 01121nam a2200277 i 4500
003 EG-GICUC
005 20260121101213.0
008 251111s1981 EG ||||fr|||| 000 0 ara d
040 _a EG-GICUC
_bara
_c EG-GICUC
_d EG-GICUC
_erda
082 0 4 _221
_a341.23
_bص ل . ق
092 0 4 _221
099 _alaw1 11 341.23 1981 ص ل . ق
100 0 _a عامر ، صلاح الدین
_eAuthor.
245 _aقانون التنظيم الدولي الجزء الثاني " المحور الرئيسي للتنظيم الدولي المعاصر الأمم المتحدة ووكالاتها المتخصصة /
_cصلاح الدین عامر
264 _aالقاهرة :
_bدار النهضة العربية ،
_c1981.
300 _a74 صفحة :
_c24 سم
336 _2rda content
_atext
337 _2rda media
_aComputer
338 _2rda carrier
_aOnline Resource
546 _aالنص باللغة العربية
650 1 4 _aالقانون الدولي العام
_2qrmak
651 1 _2qrmak
856 4 0 _uhttps://fll.law.cu.edu.eg/fulltext/bks/B11-04134.pdf
905 _a39
942 _2ddc
_cBK
_e21
_n0
999 _c42772
_d42772